A guide to gardening with young people.

Bibliographic Details
Main Author: Kinney, Richard R.
Format: Book
Language:English
Published: New York : Prentice-Hall, [1955]
Subjects:

MARC

Tag First Indicator Second Indicator Subfields
LEADER 00000cam a2200000 4500
001 in00000045758
005 20151007075244.0
008 751006s1955 nyua j 00000 eng
010 |a  55005856  
035 |a (OCoLC)01679044 
035 |9 AAF2901AM 
040 |a DLC  |c DZM  |d TXA  |d UtOrBLW 
049 |a TXAM  |c [272116] 
050 0 0 |a SB453  |b .K63 
082 0 |a 635 
092 |a 635  |b K55g 
100 1 |a Kinney, Richard R. 
245 1 2 |a A guide to gardening with young people. 
264 1 |a New York :  |b Prentice-Hall,  |c [1955] 
300 |a 210 pages :  |b illustrations ;  |c 21 cm. 
336 |a text  |b txt  |2 rdacontent 
337 |a unmediated  |b n  |2 rdamedia 
338 |a volume  |b nc  |2 rdacarrier 
650 0 |a Gardening. 
999 |a MARS 
999 f f |s 3ec522bf-6df8-3549-8172-d500cc410e08  |i 2c067e18-32ae-3a85-b2b3-f23e993f6a67  |t 0 
952 f f |p ric  |a Texas A&M University  |b Rellis Campus  |c Joint Library Facility  |d Remote Storage  |t 0  |e SB453 .K63  |h Library of Congress classification  |i unmediated -- volume  |m A14801080246 
998 f f |a SB453 .K63  |t 0  |l Remote Storage